| 000 | 00403pab a2200145 454500 | ||
|---|---|---|---|
| 008 | 180718b1983 xxu||||| |||| 00| 0 eng d | ||
| 100 | _aChaturvedi, B.K. | ||
| 245 | _aRegional disparities - a measure and an explanation | ||
| 260 | _c1983 | ||
| 300 | _a99-107 | ||
| 650 | _aRegional Planning - India - Punjab | ||
| 700 | _aB.N. Tyagi | ||
| 773 | _aIndian Journal of Regional Science | ||
| 909 | _a17133 | ||
| 999 |
_c17133 _d17133 |
||